000 02721nam a22001577a 4500
041 _aukr
080 _a09
090 _bАВГ
100 _aАвгустюк М.М.
245 _aОсобливості дискурсивного аналізу художнього тексту (на прикладі творів "Через двадцять років" ОГенрі та "Чорний кіт" Едгара По)
260 _aОстрог
_bКАФ
_c2007
300 _a72
520 _aВступ. Розділ 1. Дискурс як соціолінгвістичний феномен та його місце в теорії комунікації. 1.1. Поняття дискурсу у сучасній лінгвістиці. 1.2. Походження і розвиток дискурсу. 1.3. Дослідження дискурсу на сучасному етапі. 1.4. Типологія дискурсу. 1.4.1. Категорії дискурсу. 1.4.2. Класифікації дискурсу. 1.4.3. Дискурсивні моделі. Розділ 2. Функціональний підхід до вивчення текстів. 2.1. Властивості дискурсу в теорії комунікативного акту. 2.1.1. Структура, аспекти та умови комунікативного акту. 2.1.2. Комунікативні властивості дискурсу. 2.2.3. Основні ознаки діалогічного та монологічного мовлення. 2.2. Розмежування понять «дискурс» і «текст». 2.2.1. Тлумачення тексту. 2.2.2. Параметри, ознаки та межі тексту. 2.2.3. Значення та інтерпретація рівнів дискурсу і тексту. 2.3. Загальноприйняті підходи до вивчення проблем дискурсивного аналізу. 2.4. Особливості та методи дискурсивного аналізу. 2.5. Лінійність дискурсу. 2.6. Етапність дискурс-аналізу. Розділ 3. Дискурсивний аналіз художнього тексту. 3.1. Дискурсивний аналіз оповідань «Через двадцять років» та «Чорний кіт». 3.1.1. Аналіз оповідання «Через двадцять років». 3.1.2. Аналіз оповідання «Чорний кіт». 3.1.3. Порівняльна характеристика оповідань. Висновки.
_0дискурс, текст, аналіз
650 _aResearch Papers
999 _c283963
_d283963
942 _cBK